Online
Catalog

Manual básico de estadística descriptiva / (Record no. 46870)

MARC details
000 -CABECERA
campo de control de longitud fija 00692nam a2200181 a 4500
001 - NÚMERO DE CONTROL
campo de control 000047382
005 - FECHA Y HORA DE LA ÚLTIMA TRANSACCIÓN
campo de control 20201002060518.0
008 - DATOS DE LONGITUD FIJA--INFORMACIÓN GENERAL
campo de control de longitud fija 180510s19uu dr d r 000 0 spa d
040 ## - FUENTE DE LA CATALOGACIÓN
Centro catalogador/agencia de origen DO-SdBNP
Lengua de catalogación spa
Centro/agencia transcriptor BNPHU
082 ## - NÚMERO DE LA CLASIFICACIÓN DECIMAL DEWEY
Número de clasificación 519.53
Número de documento/Ítem P438m
100 1# - ENTRADA PRINCIPAL--NOMBRE DE PERSONA
Nombre de persona Pérez P., Víctor F.
9 (RLIN) 70979
245 10 - MENCIÓN DE TÍTULO
Título Manual básico de estadística descriptiva /
Mención de responsabilidad, etc. Víctor F. Pérez P.
260 ## - PUBLICACIÓN, DISTRIBUCIÓN, ETC.
Lugar de publicación, distribución, etc. Santo Domingo :
Nombre del editor, distribuidor, etc. Universidad Tecnológica de Santiago (UTESA),
Fecha de publicación, distribución, etc. [19--].
300 ## - DESCRIPCIÓN FÍSICA
Extensión 126 p. :
Otras características físicas diag. ;
Dimensiones 28 cm.
500 ## - NOTA GENERAL
Nota general Dirigido a estudiantes de administracíon, contabilidad, economía, mercadeo, informática, educación y derecho.
504 ## - NOTA DE BIBLIOGRAFÍA, ETC.
Nota de bibliografía, etc. Bibliografía : p. 128
590 ## - NOTA LOCAL (RLIN)
Nota local Inventariado, 2018/ YL
Holdings
Estado de retiro Estado de pérdida No para préstamo Código de colección Localización permanente Ubicación/localización actual Ubicación en estantería Fecha de adquisición Número de inventario Total de préstamos Signatura topográfica completa Código de barras Fecha visto por última vez Precio válido a partir de Tipo de ítem Koha
    Excluido de préstamo Patrimonio Dominicano Patrimonio Dominicano Patrimonio Dominicano En catalogación 10.05.2018 LF1   519.53 P438m 47382-10 25.06.2020 25.06.2020 Libro y Folleto Colección Patrimonio Dominicano
    Excluido de préstamo Patrimonio Dominicano Patrimonio Dominicano Patrimonio Dominicano Depósito 22.11.2018 LF1   519.53 P438m 47382-20 25.06.2020 25.06.2020 Libro y Folleto Colección Patrimonio Dominicano

Powered by Koha